| 000 | 00607nam a2200241 a 4500 | ||
|---|---|---|---|
| 001 | nice12345678 | ||
| 003 | IN_TiNIC | ||
| 005 | 20260116012558.0 | ||
| 008 | 050524s1979 enga grp 000 0 eng | ||
| 020 |
_a _c100 |
||
| 082 | 0 | 0 |
_a220.03 _bBAL |
| 100 | _aBalchin, John | ||
| 245 | _aPocket Reader`s Guide to the Bible. | ||
| 260 |
_aEngland _bPioneer International Publishing _c1979 |
||
| 300 | _ano page numbers | ||
| 500 | _aincludes index and biblioraphy | ||
| 505 | 2 | _aIndex | |
| 650 | _aBible-Dictionaries | ||
| 700 | 1 | _aBalchin, John | |
| 902 | _bSRS | ||
| 942 | _cBK | ||
| 999 |
_c7529 _d7529 |
||